| 000 | 00594nam a2200229Ia 4500 | ||
|---|---|---|---|
| 003 | OSt | ||
| 005 | 20220916111027.0 | ||
| 006 | a|||||r|||| 00| 0 | ||
| 007 | ta | ||
| 008 | 220915b |||||||| |||| 00| 0 eng d | ||
| 024 | _a123127 | ||
| 037 | _cTextbook | ||
| 040 |
_beng _aARTS _cARTS |
||
| 041 | _aeng | ||
| 082 | _aV6:1:M5, 122A1 (906) | ||
| 100 | _aBanning Emile | ||
| 245 | 0 | _aL'AFrique et la Confernce Georgeaphique de Bruxelles | |
| 260 | _c1981 | ||
| 650 | _aHISTORY | ||
| 942 |
_hV6:1:M5, 122A1 (906) _cTB _2CC |
||
| 999 |
_c103782 _d103782 |
||